书目信息 |
| 题名: |
梁启超家书
|
|
| 作者: | 梁启超, 著 | |
| 分册: | ||
| 出版信息: | 北京 中国友谊出版公司 2022.12 |
|
| 页数: | 234页 | |
| 开本: | 21cm | |
| 丛书名: | ||
| 单 册: | ||
| 中图分类: | B259.11 | |
| 科图分类: | ||
| 主题词: | 书信集--shu xin ji--中国--现代 | |
| 电子资源: | ||
| ISBN: | 978-7-5057-5571-0 | |
| 000 | 01112nam0 2200265 450 | |
| 001 | 2356606519 | |
| 005 | 20231124154338.05 | |
| 010 | @a978-7-5057-5571-0@dCNY52.00 | |
| 100 | @a20230208d2022 em y0chiy50 ea | |
| 101 | 0 | @achi |
| 102 | @aCN@b110000 | |
| 105 | @ay z 000ed | |
| 106 | @ar | |
| 200 | 1 | @a梁启超家书@Aliang qi chao jia shu@f梁启超著 |
| 210 | @a北京@c中国友谊出版公司@d2022.12 | |
| 215 | @a234页@d21cm | |
| 300 | @a斯坦威图书 | |
| 314 | @a梁启超, 中国近代著名教育家、思想家、历史学家, 维新派领袖。 | |
| 330 | @a本书主要收录了1898-1928年间, 梁启超写给夫人和孩子们的一百多封书信, 每一封信都饱含着对妻儿的真切关怀。梁启超在写给子女的信中, 没有居高临下的威严、不苟言笑的古板, 或枯燥乏味的说教, 而是以平和的笔调、开明的思想、像朋友一样的方式, 将毫不掩饰的慈父之爱表达出来, 如涓涓细流, 润物无声, 在不经意之间表露出立身处世的原则和淳朴清正的家风。 | |
| 600 | 0 | @a梁启超,@Aliang qi chao@f1873-1929@x书信集 |
| 606 | 0 | @a书信集@Ashu xin ji@y中国@z现代 |
| 690 | @aB259.11@v5 | |
| 701 | 0 | @a梁启超,@Aliang qi chao@f1873-1929@4著 |
| 801 | @aCN@b山东中教@c20231121 | |
| 905 | @aBZT@dB259.11@e6 | |
| 梁启超家书/梁启超著.-北京:中国友谊出版公司,2022.12 |
| 234页;21cm |
| 斯坦威图书 |
| ISBN 978-7-5057-5571-0:CNY52.00 |
| 本书主要收录了1898-1928年间, 梁启超写给夫人和孩子们的一百多封书信, 每一封信都饱含着对妻儿的真切关怀。梁启超在写给子女的信中, 没有居高临下的威严、不苟言笑的古板, 或枯燥乏味的说教, 而是以平和的笔调、开明的思想、像朋友一样的方式, 将毫不掩饰的慈父之爱表达出来, 如涓涓细流, 润物无声, 在不经意之间表露出立身处世的原则和淳朴清正的家风。 |
| ● |
| 相关链接 |
|
|
|
正题名:梁启超家书
索取号:B259.11/6
 
预约/预借
| 序号 | 登录号 | 条形码 | 馆藏地/架位号 | 状态 | 备注 |
| 1 | 2001044495 | 2001044495 | 中教第一批/山东中教(第一批)/668/ [索取号:B259.11/6] | 在馆 | |
| 2 | 2001044496 | 2001044496 | 中教第一批/山东中教(第一批)/668/ [索取号:B259.11/6] | 在馆 | |
| 3 | 2001044497 | 2001044497 | 中教第一批/山东中教(第一批)/668/ [索取号:B259.11/6] | 在馆 | |
| 4 | 2001044498 | 2001044498 | 中教第一批/山东中教(第一批)/668/ [索取号:B259.11/6] | 在馆 | |
| 5 | 2001044499 | 2001044499 | 中教第一批/山东中教(第一批)/668/ [索取号:B259.11/6] | 在馆 | |
| 6 | 2001044500 | 2001044500 | 中教第一批/山东中教(第一批)/668/ [索取号:B259.11/6] | 在馆 |